[Event "EU-Cup 35th"]
[Site "Ulcinj"]
[Date "2019.11.11"]
[Round "2.16"]
[White "Slavin, Gennadie"]
[Black "Stojanovic, Mihajlo"]
[Result "0-1"]
[WhiteElo "2313"]
[BlackElo "2496"]
[PlyCount "104"]
[EventDate "2019.11.10"]
[EventType "team-swiss"]
[EventRounds "7"]
[EventCountry "MNE"]
[SourceTitle "CBM 193 Extra"]
[Source "ChessBase"]
[SourceDate "2020.01.31"]
[SourceVersion "1"]
[SourceVersionDate "2020.01.31"]
[SourceQuality "1"]
[WhiteTeam "Perfect"]
[BlackTeam "Itaka"]
[WhiteTeamCountry "RUS"]
[BlackTeamCountry "SRB"]

1. e4 c5 2. Nf3 e6 3. c3 d5 4. e5 Nc6 5. d4 Qb6 6. a3 f6 7. Bd3 fxe5 8. dxe5 c4 9. Bc2 g6 10. 0-0 Bg7 11. Re1 Nh6 12. Nd4 0-0 13. b3 cxb3 14. Bxb3 Bd7 15. Be3 Qc7 16. f4 Na5 17. Ba4 Nc4 18. Bxd7 Qxd7 19. Bc1 Nf5 20. Nd2 Rac8 21. N2f3 Nxd4 22. cxd4 Rc6 23. h4 Ra6 24. h5 gxh5 25. Nh4 Qe8 26. Qf3 Ra4 27. Ra2 Bh6 28. Rf2 Kh8 29. Qh3 Qf7 30. Ref1 Qg8 31. Rf3 Qg4 32. Qh2 Rg8 33. Rh3 Qe2 34. Rhf3 Qe4 35. Qh3 Qxd4+ 36. Kh1 Nxe5 37. Rb3 Qc4 38. Kg1 Ng4 39. Rxb7 Qc5+ 40. Kh1 Nf2+ 41. Rxf2 Qxc1+ 42. Kh2 Bxf4+ 43. Rxf4 Qxf4+ 44. g3 Qe5 45. Rb3 Rxa3 46. Rxa3 Qb2+ 47. Ng2 Qxa3 48. Nf4 Qb2+ 49. Ng2 Qe5 50. Nf4 Qf5 51. Qh4 Qg5 52. Qh3 h4 0-1

[Event "EU-Cup 32nd"]
[Site "Novi Sad"]
[Date "2016.11.12"]
[Round "7.3"]
[White "Slavin, Gennadie"]
[Black "Fioramonti, Hung"]
[Result "1-0"]
[WhiteElo "2300"]
[BlackElo "2325"]
[PlyCount "89"]
[EventDate "2016.11.06"]
[EventType "team-swiss"]
[EventRounds "7"]
[EventCountry "SRB"]
[SourceTitle "CBM 176"]
[Source "ChessBase"]
[SourceDate "2017.01.17"]
[SourceVersion "1"]
[SourceVersionDate "2017.01.17"]
[SourceQuality "1"]
[WhiteTeam "Perfect"]
[BlackTeam "Geneve"]
[WhiteTeamCountry "RUS"]
[BlackTeamCountry "SUI"]

1. e4 Nf6 2. Nc3 d5 3. e5 Ne4 4. Nce2 d4 5. d3 Nc5 6. f4 Nc6 7. Nf3 Bg4 8. Ng3 g5 9. fxg5 Bxf3 10. Qxf3 Nxe5 11. Qf5 Qd5 12. Be2 e6 13. Qf2 0-0-0 14. 0-0 h6 15. Qf6 Rh7 16. gxh6 Ncd7 17. Qh4 Bxh6 18. Qe4 Qxe4 19. Nxe4 Bxc1 20. Raxc1 f5 21. Ng5 Rh6 22. Nh3 Ng4 23. Bxg4 fxg4 24. Ng5 Rg6 25. Nf7 Re8 26. Rce1 e5 27. Re4 g3 28. h3 Rc6 29. Re2 Nf6 30. Rxe5 Rxe5 31. Nxe5 Re6 32. Nf3 c5 33. Re1 Ra6 34. a3 Kd7 35. Re5 Kd6 36. Rg5 Rb6 37. Ne5 Ke6 38. Nc4 Ra6 39. Re5+ Kf7 40. Rxc5 Re6 41. Re5 Rc6 42. Rg5 Ke8 43. a4 Ra6 44. b3 Kf7 45. Rxg3 1-0

[Event "EU-Cup 32nd"]
[Site "Novi Sad"]
[Date "2016.11.09"]
[Round "4.3"]
[White "Slavin, Gennadie"]
[Black "Klein, Felix"]
[Result "1-0"]
[WhiteElo "2300"]
[BlackElo "2321"]
[PlyCount "82"]
[EventDate "2016.11.06"]
[EventType "team-swiss"]
[EventRounds "7"]
[EventCountry "SRB"]
[SourceTitle "CBM 176"]
[Source "ChessBase"]
[SourceDate "2017.01.17"]
[SourceVersion "1"]
[SourceVersionDate "2017.01.17"]
[SourceQuality "1"]
[WhiteTeam "Perfect"]
[BlackTeam "Eupen Rochade"]
[WhiteTeamCountry "RUS"]
[BlackTeamCountry "BEL"]

1. e4 c5 2. Nf3 e6 3. c3 Nf6 4. d3 Nc6 5. Nbd2 Be7 6. g3 d5 7. Bg2 0-0 8. 0-0 b5 9. a3 a5 10. Re1 Ba6 11. exd5 exd5 12. Nf1 Re8 13. Bf4 Qb6 14. Ne5 Nxe5 15. Bxe5 Rad8 16. Ne3 d4 17. cxd4 cxd4 18. Nf5 Bc8 19. Qf3 Bxf5 20. Qxf5 Nd7 21. Rac1 g6 22. Qf4 Nxe5 23. Qxe5 Rd6 24. Bh3 Qb8 25. Re2 f6 26. Qe4 Rdd8 27. Rce1 Qc7 28. Qe6+ Kf8 29. Bg2 Rd6 30. Qb3 Qb6 31. Bd5 a4 32. Qa2 b4 33. axb4 Rxd5 34. Qxd5 Rd8 35. Qc4 Bxb4 36. Re6 Qb7 37. Rxf6+ Kg7 38. Ree6 a3 39. Rb6 Qc8 40. Rfe6 Qa8 41. Rxb4 a2 1-0

[Event "EU-Cup 28th"]
[Site "Eilat"]
[Date "2012.10.15"]
[Round "5.4"]
[White "Gorovets, Andrey"]
[Black "Slavin, Gennadie"]
[Result "1-0"]
[WhiteElo "2459"]
[BlackElo "2300"]
[PlyCount "119"]
[EventDate "2012.10.11"]
[EventType "team-swiss"]
[EventRounds "7"]
[EventCountry "ISR"]
[SourceTitle "CBM 151"]
[Source "ChessBase"]
[SourceDate "2012.11.13"]
[SourceVersion "1"]
[SourceVersionDate "2012.11.13"]
[SourceQuality "1"]
[WhiteTeam "Vesnianka Gran"]
[BlackTeam "Perfect"]
[WhiteTeamCountry "BLR"]
[BlackTeamCountry "RUS"]

1. d4 d6 2. Nf3 Nf6 3. c4 Nbd7 4. Nc3 e5 5. e4 g6 6. Be2 Bg7 7. 0-0 0-0 8. Qc2 c6 9. d5 c5 10. Ne1 Ne8 11. Rb1 f5 12. f3 Ndf6 13. b4 b6 14. bxc5 bxc5 15. Nd3 Nh5 16. exf5 gxf5 17. f4 Nxf4 18. Nxf4 exf4 19. Bxf4 a6 20. Bd3 Ra7 21. Ne2 Raf7 22. Ng3 Bd4+ 23. Kh1 Ng7 24. Qe2 Re8 25. Qd2 Be5 26. Bg5 Bf6 27. Bh6 Be5 28. Rf3 Qh4 29. Bg5 Qd4 30. Rbf1 Ref8 31. Bf4 Bxf4 32. Rxf4 Qe5 33. Re1 Qf6 34. Qc2 Qg5 35. Ref1 Nh5 36. Nxh5 Qxh5 37. R1f3 Qh6 38. h3 Qh5 39. Qe2 Qh6 40. Qf2 Rf6 41. Bxf5 Bxf5 42. Rxf5 Rxf5 43. Rxf5 Rxf5 44. Qxf5 Qc1+ 45. Kh2 Qxc4 46. Qe6+ Kg7 47. Qxd6 Qd4 48. Qe7+ Kg6 49. d6 Qf4+ 50. Kg1 Qd4+ 51. Kh1 Qf4 52. h4 Qc1+ 53. Kh2 Qf4+ 54. Kh3 Qf5+ 55. Kg3 Qd3+ 56. Kh2 Qd4 57. d7 Qf4+ 58. Kh3 Qf5+ 59. Kg3 Qd3+ 60. Kh2 1-0

[Event "EU-Cup 27th"]
[Site "Rogaska Slatina"]
[Date "2011.09.28"]
[Round "4"]
[White "Goossens, Etienne"]
[Black "Slavin, Gennadie"]
[Result "1-0"]
[WhiteElo "2219"]
[BlackElo "2320"]
[PlyCount "81"]
[EventDate "2011.09.25"]
[EventType "team-swiss"]
[EventRounds "7"]
[EventCountry "SLO"]
[SourceTitle "CBM 145"]
[Source "ChessBase"]
[SourceDate "2011.11.11"]
[SourceVersion "1"]
[SourceVersionDate "2011.11.11"]
[SourceQuality "1"]
[WhiteTeam "Ans"]
[BlackTeam "Perfect"]
[WhiteTeamCountry "BEL"]
[BlackTeamCountry "RUS"]

1. d4 Nf6 2. c4 d6 3. Nf3 Nbd7 4. Nc3 e5 5. Bg5 Be7 6. e3 0-0 7. Qc2 c6 8. Bd3 h6 9. h4 Re8 10. 0-0-0 Qa5 11. g4 Nxg4 12. Bxe7 Rxe7 13. Rdg1 Ndf6 14. c5 dxc5 15. dxe5 Nxe5 16. Nxe5 Rxe5 17. e4 c4 18. Bxc4 b5 19. f4 Rc5 20. e5 Ne8 21. Bb3 b4 22. Qg6 Qc7 23. Qxh6 Kf8 24. Rxg7 Nxg7 25. Rg1 Ra5 26. Qxg7+ Ke8 27. Qh8+ Ke7 28. Qf6+ Kf8 29. Qh6+ Ke7 30. Rg8 Be6 31. Qf6+ Kd7 32. Rxa8 bxc3 33. f5 cxb2+ 34. Kxb2 Qxe5+ 35. Qxe5 Rxe5 36. fxe6+ fxe6 37. Rxa7+ Kd6 38. Rh7 Re2+ 39. Kc3 e5 40. Rh6+ Kc5 41. h5 1-0

[Event "EU-Cup 27th"]
[Site "Rogaska Slatina"]
[Date "2011.09.26"]
[Round "2"]
[White "Slavin, Gennadie"]
[Black "Lazar, Ales Ml"]
[Result "1-0"]
[WhiteElo "2320"]
[BlackElo "2308"]
[PlyCount "61"]
[EventDate "2011.09.25"]
[EventType "team-swiss"]
[EventRounds "7"]
[EventCountry "SLO"]
[SourceTitle "CBM 145"]
[Source "ChessBase"]
[SourceDate "2011.11.11"]
[SourceVersion "1"]
[SourceVersionDate "2011.11.11"]
[SourceQuality "1"]
[WhiteTeam "Perfect"]
[BlackTeam "Pomgrad"]
[WhiteTeamCountry "RUS"]
[BlackTeamCountry "SLO"]

1. e4 c5 2. Nf3 e6 3. c3 d5 4. e5 d4 5. Bb5+ Bd7 6. Bxd7+ Qxd7 7. cxd4 cxd4 8. d3 Ne7 9. Bf4 Qb5 10. Na3 Qa5+ 11. Bd2 Qd5 12. Qa4+ Nec6 13. Nb5 Na6 14. Rc1 Qd7 15. Rc4 Bc5 16. b4 Be7 17. Nd6+ Bxd6 18. exd6 Nd8 19. b5 Nb8 20. Bb4 a6 21. Nxd4 axb5 22. Qxa8 bxc4 23. Qxb8 Qa4 24. a3 cxd3 25. Qc7 0-0 26. 0-0 Kh8 27. Qc3 e5 28. Nf5 Nc6 29. Qxd3 Nxb4 30. axb4 Qxb4 31. Qg3 1-0